000 00703nam a2200181 a 4500
001 000019898
005 20200929170200.0
008 100708s1965 mx r 000 0 spa d
040 _aDO-SdBNP
_bspa
_cBNPHU
082 _axxx
_bD286c
110 1 _aInstituto Mexicano de Contadores Públicos
_942446
245 1 0 _aDeberes de los contadores Junior y Senior :
_bsuplemento de manual de contador público.
260 _aMéxico D. F. :
_bInstituto Mexicano de Contadores Públicos,
_c1965.
300 _axi, 166 p. ;
_c24 cm.
500 _aIncluye índice analítico de sistemas.
710 1 _aUniversidad nacional Autónoma de México
_942447
710 1 _aComité de Traducción del CPA Handbook
_etr.
_942448
999 _c19411
_d19411